000 00747nam a2200229Ii 4500
003 JO-AjNU
008 230605s9999||||xx |||||||||||||| ||und||
017 _a1971/181
040 _aJO-AjNU
_bara
_erda
_cJO-AjNU
041 _aara
050 1 4 _aBF431.N85.1978
100 3 _aجعفر،نوري,
_eauthor
_940523
245 0 0 _aطبيعة الانسان في ضوء فسلجة بافلوب
250 _aط2
264 3 1 _aبيروت:مكتبة التحرير ،1978
300 _a474ص
336 _atext
_btxt
_2rdacontent
337 _aunmediated
_bn
_2rdamedia
338 _avolume
_bnc
_2rdacarrier
490 0 _aالانسان بنظر العلم الحديث 2
650 4 _aاحلام-قدرات عقلية-امراض عصبية
_940524
999 _aA17204
_c20772
_d20772